000 00487nam a2200181Ia 4500
001 3551
005 20260306145651.0
008 260306t2016||||xx |||||||||||||| ||spa||
041 _aESP
082 _a286.854
_bG26 V. 3
100 _aGarreaud Indacochea, Emilio Julio
_eAUT
245 0 _aLas gestas sociales del clero y los consagrados en las tierras del Misti
260 _c2016
300 _a195 páginas :
_c24 cm.
650 _aGEN
654 _aCHU
942 _cLIB
_dJUS
_fJUS
_2ddc
_n
999 _c3551
_d3551